Missing Word: Movie Words Ending in 'D' Quiz Stats

Quiz Updated Nov 6, 2015

Challenge
Share
Tweet
Embed
Score 0/26 Timer 04:00
4 Plays Today
Hint Missing Word % Correct
Gone With the _____Wind
98.9%
The _____ of OzWizard
98.8%
_____ ScissorhandsEdward
98.2%
To Kill a _____Mockingbird
97.7%
_____ Man WalkingDead
97.5%
As _____ As It GetsGood
96.8%
_____ MaxMad
96.7%
Wayne's _____World
96.7%
No Country for _____ MenOld
96.1%
A Beautiful _____Mind
93.9%
_____ by MeStand
93%
Cool _____ LukeHand
92.6%
How to _____ in Business Without Really TryingSucceed
89.1%
Hint Missing Word % Correct
Django _____Unchained
88.3%
Shutter _____Island
88.2%
There Will Be _____Blood
87.6%
The _____ Budapest HotelGrand
86.7%
The _____ RushGold
85.4%
Sunset _____Blvd.
83.3%
_____ ScienceWeird
76%
Girl, _____Interrupted
75%
Revolutionary _____Road
73.1%
_____ DragonRed
69.4%
_____ CandyHard
64.7%
_____ LieutenantBad
60.4%
_____ DriveMulholland
53.9%

Today's Daily Dose

You're not logged in!

Compare scores with friends on all Sporcle quizzes.
Sign Up with Email
OR
Log In

You Might Also Like...

Show Comments

Extras

Top Quizzes Today


Score Distribution

Your Account Isn't Verified!

In order to create a playlist on Sporcle, you need to verify the email address you used during registration. Go to your Sporcle Settings to finish the process.